01014nam a2200289 i 4500001001000000003000900010005001700019007000300036008004100039020001500080040003000095082001900125245008100144264006900225300002500294336002700319337003300346338002800379490002800407590002700435700005000462700004100512910001400553942001400567952012600581999001700707000036220DO-SdBNP20250430091009.0ta120111s1997 mx 000 0 spa d a9701801024 aDO-SdBNPbspacBNPHUerda axxxxbL43122200aLazarillo de Tormes /cpresentación Alberto Vital ; notas Ángel Basante. aMéxico :bConsejo Nacional para la Cultura y las artes,c1997. a86 páginasc22 cm. atextobtxt2rdacontent asin mediaciónbn2rdamedia avolumenbnc2rdacarrier1 aClásicos para hoyv20 aInventariado, 2025/ YL1 aVital, Alberto,932569epresentación4pres.1 aBasante, Ángel962285enotas4not. aYLockward 2ddccLBS1 00102ddc56708GR-RaBNPHUbBNPHUcCTd2012-01-11iLF1l0oBNPHU GR xxxx L431p36220-10r2020-06-25yLBS1ZNo se presta c35711d35711